| 000 | 00391pab a2200157 454500 | ||
|---|---|---|---|
| 008 | 180718b2004 xxu||||| |||| 00| 0 eng d | ||
| 100 | _aMahapatra, S.N. | ||
| 245 | _aCorporate governance vs. corporate crime | ||
| 260 | _c2004 | ||
| 300 | _ap.387-90. | ||
| 362 | _aMay | ||
| 650 | _aCorporate governance | ||
| 700 | _aPandey, Sanjay | ||
| 773 | _aManagement Accountant | ||
| 909 | _a60652 | ||
| 999 |
_c60652 _d60652 |
||